000 00795nam a2200205 a 4500
001 000044580
005 20201002045457.0
008 140718s2000 sp a 000 0 spa d
020 _a8479275006
040 _aDO-SdBNP
_bspa
_cBNPHU
100 1 _aKelly, Jason
_972606
245 1 0 _aCómo ganar dinero en internet /
_cJason Kelly ; traducción de David Zurdo y Ángel Gutiérrez.
260 _aBarcelona :
_bVictor [Robinbook],
_c2000.
300 _a253 p. :
_bil. ;
_c20 cm.
490 1 _aEficacia empresarial-profesional
500 _aSubtítulo de la cubierta: Guía para hacer negocios en la red. Incluye las direcciones de los sitios web más útiles
700 1 _aZurdo, David
_etr.
_972607
700 1 _aGutiérrez, Ángel
_etr.
_914748
830 0 _aEficacia empresarial-profesional
_972608
999 _c44069
_d44069